banner koha

Glucose and lipid profile of obese dogs fed with different starchy sources (Registro n. 328625)

MARC details
000 -LÍDER
fixed length control field 04548nab a2200349 i 4500
003 - CÓDIGO MARC DA AGÊNCIA CATALOGADORA
Campo de controle BR-BrBNA
005 - DATA E HORA DA ÚLTIMA ATUALIZAÇÃO
Campo de controle 20241113160047.0
008 - CAMPO DE TAMANHO FIXO
fixed length control field 241113b2016 bl.mr|pooa||| 00| 0 eng |
040 ## - FONTE DA CATALOGAÇÃO
Agência catalogadora BR-BrBNA
Idioma da catalogação eng
072 ## - CATEGORIA AGRIS
Código AGRIS L74
Código do objeto 5400
100 ## - ENTRADA PRINCIPAL - NOME PESSOAL
Nome pessoal Feitosa, Mariana Lorenção
100 ## - ENTRADA PRINCIPAL - NOME PESSOAL
Nome pessoal Zanini, Surama Freitas
100 ## - ENTRADA PRINCIPAL - NOME PESSOAL
Nome pessoal Sousa, Dyeime Ribeiro de
100 ## - ENTRADA PRINCIPAL - NOME PESSOAL
Nome pessoal Fantuzzi, Elizabeth
100 ## - ENTRADA PRINCIPAL - NOME PESSOAL
Nome pessoal Carraro, Thais Consuelo Loyola
100 ## - ENTRADA PRINCIPAL - NOME PESSOAL
Nome pessoal Pinto, Camila Alves
100 ## - ENTRADA PRINCIPAL - NOME PESSOAL
Nome pessoal Bertonceli, Raul Monteiro
100 ## - ENTRADA PRINCIPAL - NOME PESSOAL
Nome pessoal Colnago, Geraldo Luiz
245 ## - TÍTULO PRINCIPAL
Título principal Glucose and lipid profile of obese dogs fed with different starchy sources
500 ## - NOTA GERAL
Nota geral Publicação on-line; 28 ref.; 3 tables; Sumaries (En, Pt)
942 ## - ADDED ENTRY ELEMENTS (KOHA)
Koha item type Analítica
520 ## - NOTA DE RESUMO
Nota de conteúdo <br/><br/>ABSTRACT - Among the health disorders caused by obesity in dogs stand out hyperglycemia and hyperlipidemia. Glycemic responses are directly related to the amount and type of starch. Thus, this study aimed to evaluate the effect of different sources of starch on glycemic and lipid levels in obese dogs. These dogs were distributed in a completely randomized design in a factorial 3x2x2 (three sources starchy - corn (60%), sorghum (60%) and corn: sorghum (30:30%), two breeds - Beagle and Dachshund and males and females. After 28 days of experiment, dogs fed with corn had higher amounts of glucose (93.79A mg dL-1) (P<0.05) compared with diets containing sorghum (88.00Bmg dL-1) and corn: sorghum (88.75B mg dL-1) (P>0.05). Thus, dogs that consumed corn had a higher glycemic peak in a shorter time compared with dogs that ingested sorghum. Furthermore, the dogs fed with diet containing sorghum showed lower levels of fructosamine that dogs that ingested corn diet (P<0.05) demonstrating that the diet containing sorghum maintained blood glucose over a longer time period that reduces the fluctuation of glucose in dogs. At 56 and 112 days of the experiment, a positive correlation between glucose levels and body weight (P<0.05) was also observed. At 28, 56, 84 and 112 days, Beagle dogs showed higher serum concentrations of total cholesterol compared with Dachshund dogs (P<0.05). It was concluded that the starchy source and breed can interfere with metabolic rates of obese dogs.<br/><br/>Key words: blood glucose, lipid profile, obesity, canine.
520 ## - NOTA DE RESUMO
Nota de conteúdo <br/><br/>RESUMO - Dentre os transtornos de saúde causados pela obesidade em cães, destacam-se a hiperglicemia e a hiperlipidemia. As respostas glicêmicas estão diretamente relacionadas com a quantidade e o tipo de amido consumido. Objetivou-se avaliar o efeito de diferentes fontes de amido sobre os índices glicêmico e lipídico de cães obesos. Os animais foram distribuídos em um delineamento inteiramente casualizado em arranjo fatorial 3x2x2 (três fontes amiláceas - milho (60%), sorgo (60%) e milho:sorgo (30:30%), duas raças – Beagle e Dachshund - e dois sexos. Aos 28 dias de experimento, os cães alimentados com milho apresentaram maiores valores de glicose (93,79Amg dL-1) (P<0,05), comparados com as dietas contendo sorgo (88,00Bmg dL-1) e sorgo:milho (88,75Bmg dL-1), que não diferiram significativamente entre si (P>0,05). Assim, os animais que ingeriram milho apresentaram um maior pico glicêmico em um menor tempo, quando comparado com os cães que ingeriram apenas sorgo. Além disso, os animais que ingeriram as dietas com sorgo apresentaram menores níveis de frutosamina do que os cães que ingeriram dieta com milho (P<0,05), demonstrando que a dieta com sorgo proporcionou manutenção da glicemia por um período de tempo maior, reduzindo as flutuações de glicose nos cães. Aos 56 e 112 dias de experimento, foi observada correlação positiva entre os níveis glicêmicos e o peso corporal (P<0,05). Aos 28, 56, 84 e 112 dias, os cães da raça Beagle apresentaram maior concentração sérica de colesterol total e de triglicerídeos que cães Dachshund (P<0,05). Concluise que a fonte amilácea e a raça podem interferir nos índices metabólicos de cães obesos.<br/><br/>Palavras-chave: glicemia, lipidograma, obesidade, canino.
650 ## - ASSUNTO - THESAGRO
Cabeçalho tópico ou nome geográfico CÃO
650 ## - ASSUNTO - THESAGRO
Cabeçalho tópico ou nome geográfico OBESIDADE
650 ## - ASSUNTO - THESAGRO
Cabeçalho tópico ou nome geográfico DIETA
650 ## - ASSUNTO - THESAGRO
Cabeçalho tópico ou nome geográfico AMIDO
650 ## - ASSUNTO - THESAGRO
Cabeçalho tópico ou nome geográfico DISTÚRBIO METABÓLICO
773 0# - ENTRADA ANALÍTICA
Host Biblionumber 2408
Registro do item 314934
Imprenta Santa Maria-RS Universidade Federal de Santa Maria - Centro de Ciências Rurais 1991
Outro identificador 2024-1185
Título Ciência Rural (Brazil)
ISSN 0103-8478
Colação v. 46(12) p. 2189-2194; (2016)
Número de controle de registro BR2024003410
856 ## - ACESSO E ENDEREÇO ELETRÔNICO
Identificador uniforme de recurso - URI https://www.scielo.br/j/cr/a/7cLyYLZxnvpRjH5TX3nNswS/?format=pdf&lang=en

Nenhum exemplar disponível.

BINAGRI

Telefone: (61)3218-2567/2388/3357/2097 - binagri@agro.gov.br

Ministério da Agricultura e Pecuária , Esplanada dos Ministérios, Bloco D, Anexo B, Brasília/DF, CEP: 70.043-900